Salud, alimentación y medio ambiente / (Record no. 184782)

MARC details
000 -LEADER
campo de control de longitud fija 01261nam a2200301 i 4500
001 - NÚMERO DE CONTROL
campo de control 184782
003 - IDENTIFICADOR DE NÚMERO DE CONTROL
campo de control ES-MaACL
005 - FECHA Y HORA DE LA ÚLTIMA TRANSACCIÓN
campo de control 20250828071929.0
008 - DATOS DE LONGITUD FIJA--INFORMACIÓN GENERAL
campo de control de longitud fija 151223s2010 sp ad |||| | spa d
020 ## - NÚMERO INTERNACIONAL ESTÁNDAR DEL LIBRO
Número Internacional Estándar del Libro 978-84-693-0506-3
080 ## - NÚMERO DE LA CLASIFICACIÓN DECIMAL UNIVERSAL
Número de la Clasificación Decimal Universal 614.7(063)
080 ## - NÚMERO DE LA CLASIFICACIÓN DECIMAL UNIVERSAL
Número de la Clasificación Decimal Universal 663/664:504.05(063)
080 ## - NÚMERO DE LA CLASIFICACIÓN DECIMAL UNIVERSAL
Número de la Clasificación Decimal Universal 504:37.03
245 00 - MENCIÓN DEL TÍTULO
Título Salud, alimentación y medio ambiente /
Mención de responsabilidad, etc. coordinador, Federico Velázquez de Castro González.
260 ## - PUBLICACIÓN, DISTRIBUCIÓN, ETC.
Lugar de publicación, distribución, etc. Madrid [etc.] :
Nombre del editor, distribuidor, etc. Asociación Española de Educación Ambiental,
Fecha de publicación, distribución, etc. [2010]
300 ## - DESCRIPCIÓN FÍSICA
Extensión 126 p. :
Otras características físicas il., gráf. ;
Dimensiones 24 cm.
504 ## - NOTA DE BIBLIOGRAFÍA, ETC.
Nota de bibliografía, etc. Referencias bibliográficas.
650 #7 - PUNTO DE ACCESO ADICIONAL DE MATERIA--TÉRMINO DE MATERIA
Término de materia o nombre geográfico como elemento de entrada Higiene ambiental-
Subdivisión de forma Congresos y asambleas.
9 (RLIN) 158408
650 07 - PUNTO DE ACCESO ADICIONAL DE MATERIA--TÉRMINO DE MATERIA
Término de materia o nombre geográfico como elemento de entrada Industria alimentaria-
Subdivisión general Aspectos ambientales-
Subdivisión de forma Congresos y asambleas.
9 (RLIN) 158409
650 07 - PUNTO DE ACCESO ADICIONAL DE MATERIA--TÉRMINO DE MATERIA
Término de materia o nombre geográfico como elemento de entrada Educación ambiental
Fuente del encabezamiento o término embne
9 (RLIN) 12086
650 #4 - PUNTO DE ACCESO ADICIONAL DE MATERIA--TÉRMINO DE MATERIA
Término de materia o nombre geográfico como elemento de entrada Industria alimentaria-
Subdivisión geográfica España.
9 (RLIN) 141599
700 1# - ENTRADA AGREGADA--NOMBRE PERSONAL
Nombre de persona Velázquez de Castro González, Federico,
Fechas asociadas al nombre 1949-
9 (RLIN) 155482
710 2# - ENTRADA AGREGADA--NOMBRE DE ENTIDAD CORPORATIVA
Nombre de entidad corporativa o nombre de jurisdicción como elemento de entrada Asociación Española de Educación Ambiental
9 (RLIN) 158410
711 2# - ENTRADA AGREGADA--NOMBRE DE REUNIÓN
Nombre de congreso/reunión o jurisdicción como elemento de entrada Jornadas sobre Salud, Alimentación y Medio Ambiente (
Número del congreso/reunión o número de parte o sección 1ª.
Fecha del congreso o de la firma del tratado 2009.
Sede del congreso/Lugar de la reunión Granada)
9 (RLIN) 158407
852 ## - LOCALIZACIÓN
Ubicación ES-MaACL
Número de control de estantería A-13516
itemnumber 191796
Sublocalización o colección R.150446
Ubicación en estantería Depósito 1
Signatura antigua Olim: N-6516
942 ## - ELEMENTOS DE ENTRADA SECUNDARIOS (KOHA)
Fuente del sistema de clasificación o colocación Clasificación decimal universal
Tipo de ítem Koha Libro impreso
Holdings
Estatus retirado Estado de pérdida Fuente del sistema de clasificación o colocación Estado de daño No para préstamo Biblioteca de origen Biblioteca actual Ubicación en estantería Fecha de adquisición Fuente de adquisición Total de préstamos Signatura topográfica completa Código de barras Visto por última vez Precio de reemplazo Tipo de ítem Koha
    Clasificación decimal universal     Biblioteca del Ateneo de Madrid Biblioteca del Ateneo de Madrid Depósito 1 23/12/2015 Donación   N-6516 1194581 23/02/2023 23/02/2023 Libro impreso